000 00552nam a2200181Ia 4500
003 GCL
008 140319s9999 xx 000 0 ara d
040 _aGCL /
_cGCL
082 0 4 _a811.009
_bج ف
100 1 _aجهاد فاضل
245 1 0 _aفتافيت شاعر وقائع معركة مع نزار قبانى /
_cجهاد فاضل
300 _a185 ص
490 _a
650 0 4 _aالشعر العربى - تاريخ ونقد
650 0 4 _aنزار قبانى
650 0 4 _aالشعر العربى - العصر الحديث
942 _2ddc
_cBK
999 _c39527
_d39527